Geografía en marketing : problemas de comercialización: criterios para zonificar y evaluación de vendedores /

Detalles Bibliográficos
Autor principal: Steinhardt, Ricardo J.
Formato: Libro
Publicado: Buenos Aires : Macchi, 1971.
Materias:
Etiquetas: Agregar Etiqueta
Sin Etiquetas, Sea el primero en etiquetar este registro!

MARC

LEADER 00000nam a22000004a 4500
001 AR-BbUGT2558
003 AR-BbUGT
005 20181220001650.0
007 ta
008 061101t1971 |||abd |0|||0| d
040 |a AR-BbUGT  |b spa  |c AR-BbUGT 
082 0 4 |a 910.380 
100 1 |a Steinhardt, Ricardo J. 
245 1 0 |a Geografía en marketing : problemas de comercialización:   |b criterios para zonificar y evaluación de vendedores /   |c Ricardo J. Steinhardt. 
260 |a Buenos Aires :   |b Macchi,   |c 1971. 
300 |a 133 p. :   |b il., mapas, tablas 
653 |a Marketing 
653 |a Comercialización 
942 |c BK  |h 910.380  |i ST34  |m D  |2 ddc  |6 910_380000000000000_ST34 
999 |c 10130  |d 10130